000 00779nam a2200181Ia 4500
008 090124s9999 xx 000 0 und d
082 _b34027
100 _aनानिवडेकर हेमांगी
245 _a महानगर मुंबई:हरवता हरवता गवसलेली
250 _a1
260 _bनानिवडेकर हेमांगी
_c2006
300 _a719
600 _aनानिवडेकर हेमांगी
630 _a महानगर मुंबई:हरवता हरवता गवसलेली
700 _aनानिवडेकर हेमांगी
730 _a महानगर मुंबई:हरवता हरवता गवसलेली
942 _cBOOK
999 _c195308
_d195308